Seder hakhnasat sefer Torah.

Saved in:
Bibliographic Details
Corporate Author: Bet ha-midrash Lomde Torah di-Ḥaside Belza (Brooklyn, New York, N.Y.)
Format: Book
Language:Hebrew
Subjects:
Tags: Add Tag
No Tags, Be the first to tag this record!
LEADER 00686nam a22001937u 4500
001 008683098-8
005 20161102120049.0
008 010713s1974 nyu |||||||heb|d
035 0 |a ocn234527649 
245 0 0 |6 880-01  |a Seder hakhnasat sefer Torah. 
300 |a 1 v. 
650 0 |a Belz Hasidim. 
650 0 |a Torah scrolls  |x Dedication. 
710 2 |a Bet ha-midrash Lomde Torah di-Ḥaside Belza (Brooklyn, New York, N.Y.) 
752 |a United States  |b New York  |d New York 
880 0 0 |6 245-01  |a סדר הכנסת ספר תרה :  |b עפ"י מנהל רבוה"ק מבעלזא 
880 |6 260-00  |a מאנסי, נ.י. :  |b ביהמ"ד דחסידי בעלזא,  |c תשל"ה. 
988 |a 20020608 
906 |0 MH